AH International Schools' Libraries

Butterflies! / (Record no. 48010)

MARC details
000 -LEADER
fixed length control field 00396nam a2200121 4500
020 ## - INTERNATIONAL STANDARD BOOK NUMBER
International Standard Book Number 9780768101317
100 ## - MAIN ENTRY--PERSONAL NAME
Personal name Freeman, Darlene,
Relator term author.
9 (RLIN) 43066
245 ## - TITLE STATEMENT
Title Butterflies! /
Statement of responsibility, etc written by Darlene Freeman, Illustrated by Mike Maydak.
260 ## - PUBLICATION, DISTRIBUTION, ETC. (IMPRINT)
Place of publication, distribution, etc New York :
Name of publisher, distributor, etc McClanahan Book Company ;
Date of publication, distribution, etc 1990.
650 ## - SUBJECT ADDED ENTRY--TOPICAL TERM
9 (RLIN) 85473
Topical term or geographic name as entry element Juvenile Literature
Form subdivision Butterfly
650 #4 - SUBJECT ADDED ENTRY--TOPICAL TERM
9 (RLIN) 18130
Topical term or geographic name as entry element Insects.
942 ## - ADDED ENTRY ELEMENTS (KOHA)
Source of classification or shelving scheme
Koha item type Book
Holdings
Withdrawn status Lost status Source of classification or shelving scheme Damaged status Not for loan Home library Current library Date acquired Total Checkouts Full call number Barcode Date last seen Price effective from Koha item type
          Logos International School Logos International School 12/02/2024   J 595.78 FRE 040197 12/04/2024 12/02/2024 Book

For any Logos Library related questions please contact Miss Art at swongnarasuk@asianhope.org.

For any Asian Hope Library related questions please contact Miss Raza at graza@asianhope.org.

Powered by Koha